| 000 | 00608nam a22002297a 4500 | ||
|---|---|---|---|
| 003 | UA-OsUOA | ||
| 001 | 65150 | ||
| 007 | ta | ||
| 008 | 20091116b un ||||| |||| 00| 0 ukr d | ||
| 090 |
_a012:539.39 _bР67 |
||
| 942 | _cBK | ||
| 040 |
_aUA-OsUOA _bukr _cUA-OsUOA _dUA-OsUOA |
||
| 245 |
_aРоманів Олег _cМельничук І. |
||
| 300 | _a163 с. | ||
| 955 | _a1 | ||
| 041 | _aukr | ||
| 080 | _a012:539.39 | ||
| 020 | _a966-7155-94-3 | ||
| 260 |
_aЛьвів _bНТШ _c2007 |
||
| 650 | 7 |
_a01 Бібліографія і бібліографії. Каталоги _2UDC |
|
| 999 |
_c351270 _d351270 |
||